| 000 | 00731nam a2200229Ia 4500 | ||
|---|---|---|---|
| 003 | OSt | ||
| 005 | 20240504112645.0 | ||
| 008 | 210716s2010 xx 000 0 und d | ||
| 020 | _a9780749454524 | ||
| 040 | _cAIMIT LIBRARY | ||
| 041 | _aeng | ||
| 082 |
_a374.22 _21 _bLINS |
||
| 100 |
_aLinder Pelz, Susie. _9163153 |
||
| 245 |
_aNLP coaching : _bevidence based approach for coaches leaders and individuals. _cBy Susie Linder- Pelz. |
||
| 250 | _a1st ed. | ||
| 260 |
_aNew Delhi : _bKogan Page , _c2010. |
||
| 300 |
_avi,237p. ; _bPB _c24.2 cm |
||
| 650 |
_aCatching a coach at work _9163154 |
||
| 650 |
_aMeeting industry standards _9163155 |
||
| 650 |
_aTowards best practice _9163156 |
||
| 942 |
_2ddc _cBK _e1st _k374.22 LINS |
||
| 999 |
_c207780 _d207780 |
||